Fyzika 2 pro střední průmyslové školy chemické /

Hlavní autor: Hradil, František
Další autoři: Klimeš, Bohdan
Jazyk: Čeština
Vydáno: Praha : SPN, 1981
Vydání: 5. vyd.
Edice: Učebnice pro střední školy
Témata:
Fyzický popis: 174 s., [1] barev. il. příl. na vol. l.
Knihy
Uloženo v:
LEADER 00836nam a22002292a 4500
001 000329522
003 CZ BrMZK
005 20120215121408.0
008 980107s1981 xr f cze d
040 |a BOA001  |b cze 
100 1 |a Hradil, František  |7 jx20040720183 
245 1 0 |a Fyzika 2 pro střední průmyslové školy chemické /  |c František Hradil, Bohdan Klimeš 
250 |a 5. vyd. 
260 |a Praha :  |b SPN,  |c 1981 
300 |a 174 s., [1] barev. il. příl. na vol. l. 
490 1 |a Učebnice pro střední školy 
700 1 |a Klimeš, Bohdan  |7 jx20040629023  |4 aut 
830 0 |a Učebnice pro střední školy 
910 |a BOA001  |b PK-0047.229-81 
964 |a Fyzika - učebnice - školy průmyslové chemické 
990 |a BK 
996 7 |b 3119929128  |c PK-0047.229-81  |l MZK  |r Sklad / do 1 hodiny  |n 0  |w 000329522  |u 000010  |a 1  |e BOA001  |j MZK50  |s A